Optoelectronics-microwave (notice n° 1900358)
[ vue normale ]
| 000 -LEADER | |
|---|---|
| fixed length control field | 00610cam a2200193 4500500 |
| 005 - DATE AND TIME OF LATEST TRANSACTION | |
| control field | 20260329015720.0 |
| 041 ## - LANGUAGE CODE | |
| Language code of text/sound track or separate title | fre |
| 042 ## - AUTHENTICATION CODE | |
| Authentication code | dc |
| 100 10 - MAIN ENTRY--PERSONAL NAME | |
| Personal name | Chazelas, Jean |
| Relator term | author |
| 245 00 - TITLE STATEMENT | |
| Title | Optoelectronics-microwave |
| 260 ## - PUBLICATION, DISTRIBUTION, ETC. | |
| Date of publication, distribution, etc. | 2026.<br/> |
| 500 ## - GENERAL NOTE | |
| General note | 84 |
| 700 10 - ADDED ENTRY--PERSONAL NAME | |
| Personal name | Decoster, Didier |
| Relator term | author |
| 700 10 - ADDED ENTRY--PERSONAL NAME | |
| Personal name | Dolfi, Daniel |
| Relator term | author |
| 700 10 - ADDED ENTRY--PERSONAL NAME | |
| Personal name | Nouchi, Pascale |
| Relator term | author |
| 700 10 - ADDED ENTRY--PERSONAL NAME | |
| Personal name | Tripon-Canseliet, Charlotte |
| Relator term | author |
| 786 0# - DATA SOURCE ENTRY | |
| Note | Electronics | - | 2026-03-05 | p. 35-35 |
| 856 41 - ELECTRONIC LOCATION AND ACCESS | |
| Uniform Resource Identifier | <a href="https://stm.cairn.info/electromagnetism-propagation--bdti42277210-e3336-page-35?lang=en&redirect-ssocas=7080">https://stm.cairn.info/electromagnetism-propagation--bdti42277210-e3336-page-35?lang=en&redirect-ssocas=7080</a> |
Pas d'exemplaire disponible.




Réseaux sociaux